| 000 | 00501nam a2200157Ia 4500 | ||
|---|---|---|---|
| 008 | 140529s9999 xx 000 0 und d | ||
| 050 |
_aHF 5718 _b.H2917 2003 |
||
| 245 |
_aHarvard business essentials : _bbusiness communication / |
||
| 260 |
_aBoston, Mass. : _bHarvard Business School Press, _cc2003. |
||
| 300 |
_a162 p. ; _c24 cm. |
||
| 440 | _a(Harvard business essentials series). | ||
| 500 | _aIncludes appendix, glossary and index. | ||
| 521 | _aBSBA | ||
| 942 |
_kFOR _cBK |
||
| 999 |
_c117846 _d117846 |
||